| 000 | 00475nam a2200193Ia 4500 | ||
|---|---|---|---|
| 008 | 170918s9999 xx 000 0 und d | ||
| 020 | _a9780545441919 | ||
| 050 | _bM969 2006 | ||
| 100 | _aMunsch, Robert | ||
| 245 | _aDeep snow / | ||
| 245 | _cRobert Munsch ; illustrated by Michael Martchenko. | ||
| 260 | _aNew York : | ||
| 260 | _bScholastic, | ||
| 260 | _c2006 | ||
| 300 | _aunpaged : | ||
| 300 | _bcolored illustration ; | ||
| 300 | _c23cm. | ||
| 500 | _a590 | ||
| 999 |
_c341557 _d341557 |
||